Principles of Macroeconomics (Record no. 2473)

MARC details
005 - DATE AND TIME OF LATEST TRANSACTION
control field 20250520090143.0
020 ## - INTERNATIONAL STANDARD BOOK NUMBER
International Standard Book Number 0-17-610524-7
082 ## - DEWEY DECIMAL CLASSIFICATION NUMBER
Classification number LECT 338.5 MAN
100 ## - MAIN ENTRY--PERSONAL NAME
Author name MANKIW, N. G.
245 ## - TITLE STATEMENT
Title Principles of Macroeconomics
250 ## - EDITION STATEMENT
Edition statement 4th Ed.
260 ## - PUBLICATION, DISTRIBUTION, ETC.
Place of publication, distribution, etc. Australia,
Name of publisher, distributor, etc. Thomson,
Date of publication, distribution, etc. 2008.
300 ## - PHYSICAL DESCRIPTION
Extent xxxii, 463p.: ill.; figure, picture, table.
Other physical details Glossary & Index.
Dimensions 27cm.
700 ## - ADDED ENTRY--PERSONAL NAME
Other authors/Editors KNEEBONE, R. D., McKENZIE, K. J. & ROWE, N.
856 ## - ELECTRONIC LOCATION AND ACCESS
Link text Access Online Book
Electronic name Principles of Macroeconomics
Path http://www.mankiw4e.nelson.com
942 ## - ADDED ENTRY ELEMENTS (KOHA)
Source of classification or shelving scheme Dewey Decimal Classification
Koha item type Books
Holdings
Date last seen Total checkouts Full call number Barcode Cost, replacement price Price effective from Koha item type Lost status Source of classification or shelving scheme Damaged status Not for loan Withdrawn status Home library Current library Shelving location Date acquired Cost, normal purchase price
06/27/2025   339 SAY DOM0003244 135000.00 06/27/2025 Books   Dewey Decimal Classification       CBE Dodoma CBE Dodoma General Collection 06/01/2019 45000.00
06/27/2025   339MAN DOM0002623 135000.00 06/27/2025 Books   Dewey Decimal Classification       CBE Dodoma CBE Dodoma General Collection 06/04/2014 45000.00
05/20/2025   LECT 338.5 MAN 0000009303 105000.00 05/20/2025 Books   Dewey Decimal Classification       College of Business Education Main Library College of Business Education Main Library General Collection 11/28/2014 35000.00